| 000 | 00433nam a22001457a 4500 | ||
|---|---|---|---|
| 008 | 230602b |||||||| |||| 00| 0 eng d | ||
| 040 |
_aNational Science Library _cNational Science Library |
||
| 080 |
_a620.19 _bN4 |
||
| 245 |
_aMetallic corrosion: _bPrinciples and control |
||
| 260 |
_aNew Delhi: _bWiley Eastern Limited, _c316p. |
||
| 300 | _a316p. | ||
| 650 | _aCorrosion | ||
| 653 | _aElectrochemistry | ||
| 942 |
_2udc _cBK |
||
| 999 |
_c38516 _d38516 |
||